000 00472nam a22001097a 4500
008 160425b xxu||||| |||| 00| 0 eng d
100 _aWowern, Eric
245 _aGreenland : the Thule locals
250 _64th
260 _aVirum, Denmark
_bGF Frimaerker
_c1979
650 _aGreenland | Thule | 1935-1937 | Locals and Private Posts | Plates and Plating | Errors and Varieties | Production | Catalogs and Price Lists | Postal Markings | Postal History | Denmark | Danish Colonies
999 _c1937
_d1937